00921nam a22002777a 450000100090000000300040000900500170001300800410003001000170007102000150008803500210010303700600012404000130018404200100019705000280020708200220023510000310025724501350028826000580042330000330048150000270051452100210054152600190056254100060058156200560058712458502OSt20140310182855.0010522s2000 ph a 000 0 eng  a 2001307423 z9719103009 a(DLC) 200130742 bLibrary of Congress -- Jakarta Overseas OfficecP600.00 aDLCcDLC alcode00aPL 5539.D25b.T689 2000 aFIL 234bT63 20001 aDe La Torre, Visitacion R.10aGrace and magic /cthoughts by Visitacion R. de la Torre ; with illustrations by Lei Sarmiento, Niña I. Lojo and Nini R. Samson. aMakati City, Philippines :bTower Book House,cc2000. a96 p. :bcol. ill. ;c23 cm. aEssays on social life. aCollege Students c1210L to 1700L j1 eFor Circulation. 1 copy available in the collection